000
00214 a2200097 4500
001
26169
100
_a
Khan M
245
_a
The first round Indo Pakistan War 1965
260
_a
_b
ISS Ltd
_c
090
_c
17655
_d
17655
942
_a
NUST-CAE
_c
M
_c
8508
999
_c
261242
_d
261242